000 00621cam a2200205 4500
008 120807n 000 0 eng u
022 _a18100775
035 _a(Sirsi) a177032
050 _aFAO TX 815 MAR 2011
100 _aMarshall, Elaine
245 _aTraditional Fermented food and Bevwerages for Improved Livelihoods/
_cElaine Marshall
260 _aRome:
_bFood and Agriculture Organisation,
_c2011
300 _avii,78p.:
_bill.
650 _aBeverages
650 _aFermented
650 _aFoods
650 _aFood Manufacture
700 _aMeijia, Danilo
710 _aFood and Agriculture Organisation
999 _c117775
_d117775